| 000 | 00564nam a2200181 a 4500 | ||
|---|---|---|---|
| 001 | 000041474 | ||
| 005 | 20201002034925.0 | ||
| 008 | 131007s1997 sp 000 0 spa d | ||
| 020 | _a8477640203 | ||
| 040 |
_aDO-SdBNP _bspa _cBNPHU |
||
| 082 |
_axxxx _bssss |
||
| 100 | 1 |
_aGoxens, Antonio _968161 |
|
| 245 | 1 | 0 |
_aBiblioteca práctica de contabilidad. / _cAntonio Goxens, María Ángeles Goxens. |
| 260 |
_aBarcelona, España : _bOceano, _c1997. |
||
| 300 |
_av. ; _c26 cm. |
||
| 500 | _aLa biblioteca posee el volumen 2 | ||
| 700 | 1 |
_aGoxens, María Ángeles _968162 |
|
| 999 |
_c40964 _d40964 |
||